<?xml version="1.0" encoding="UTF-8"?>
<record
    xmlns:xsi="http://www.w3.org/2001/XMLSchema-instance"
    xsi:schemaLocation="http://www.loc.gov/MARC21/slim http://www.loc.gov/standards/marcxml/schema/MARC21slim.xsd"
    xmlns="http://www.loc.gov/MARC21/slim">

  <leader>00865nam a2200169 a 4500</leader>
  <controlfield tag="001">000047915</controlfield>
  <controlfield tag="005">20201002060816.0</controlfield>
  <controlfield tag="008">181004s2004    dr            000 0 spa d</controlfield>
  <datafield tag="040" ind1=" " ind2=" ">
    <subfield code="a">DO-SdBNP</subfield>
    <subfield code="b">spa</subfield>
    <subfield code="c">BNPHU</subfield>
  </datafield>
  <datafield tag="082" ind1=" " ind2=" ">
    <subfield code="a">xx</subfield>
    <subfield code="b">xx</subfield>
  </datafield>
  <datafield tag="100" ind1="1" ind2=" ">
    <subfield code="a">Alm&#xE1;nzar Garc&#xED;a, Jos&#xE9; Nicol&#xE1;s</subfield>
    <subfield code="9">3006</subfield>
  </datafield>
  <datafield tag="245" ind1="1" ind2="0">
    <subfield code="a">Origen y desarrollo de la universidad de la tercera edad (UTE) :</subfield>
    <subfield code="b">"La Universidad de la Vida y la Esperanza " /.</subfield>
  </datafield>
  <datafield tag="260" ind1=" " ind2=" ">
    <subfield code="a">Santo Domingo :</subfield>
    <subfield code="b">Editora Tele-3,</subfield>
    <subfield code="c">[190?].</subfield>
  </datafield>
  <datafield tag="300" ind1=" " ind2=" ">
    <subfield code="a">430 p. ;</subfield>
    <subfield code="c">24 cm.</subfield>
  </datafield>
  <datafield tag="505" ind1="0" ind2=" ">
    <subfield code="a">Antecedentes --</subfield>
    <subfield code="t">Los or&#xED;genes de la UTE-Dominicana --</subfield>
    <subfield code="t">Pasos legales para el nacimiento de la UTE-Dominicana --</subfield>
    <subfield code="t">Programa universitario para la tercera edad --</subfield>
    <subfield code="t">El program universitario para la tercera edad convertido en universida --</subfield>
    <subfield code="t">Filosof&#xED;a y metodolog&#xED;a a seguir --</subfield>
    <subfield code="t">El solprendente desarrollo de la UTE --</subfield>
  </datafield>
  <datafield tag="590" ind1=" " ind2=" ">
    <subfield code="a">Inventariado, 2018/VM</subfield>
  </datafield>
  <datafield tag="952" ind1=" " ind2=" ">
    <subfield code="0">0</subfield>
    <subfield code="1">0</subfield>
    <subfield code="7">1</subfield>
    <subfield code="8">PD</subfield>
    <subfield code="a">PD</subfield>
    <subfield code="b">PD</subfield>
    <subfield code="c">HD</subfield>
    <subfield code="d">2018-10-04</subfield>
    <subfield code="i">LF1</subfield>
    <subfield code="l">0</subfield>
    <subfield code="o">xx xx</subfield>
    <subfield code="p">47915-10</subfield>
    <subfield code="r">2020-06-25</subfield>
    <subfield code="w">2020-06-25</subfield>
    <subfield code="y">LFPD</subfield>
    <subfield code="Z">No se presta</subfield>
  </datafield>
  <datafield tag="999" ind1=" " ind2=" ">
    <subfield code="c">47403</subfield>
    <subfield code="d">47403</subfield>
  </datafield>
</record>
